00440nam a22001457a 450000500170000000800410001702000150005804100120007308200120008510000290009724500630012626000470018930000330023665000250026920231114070434.0231114b |||||||| |||| 00| 0 eng d a0702112577 aEnglish a345 SOU aLandsdown, AV lEnglish  aSouth African Criminal Law and Procedure / cAV Landsdown  aCape Town : bJuta and Company Ltd, c1982 bcxxvi, 966 pages ; c26 cm.  aLegal practice bLaw